Banner

Algebra lineal con aplicaciones / (Record no. 992)

MARC details
000 -LEADER
campo de control de longitud fija 01281nam a22003137a 4500
001 - NÚMERO DE CONTROL
campo de control 000790
003 - IDENTIFICADOR DE NÚMERO DE CONTROL
campo de control CoMeUDC000790
005 - FECHA Y HORA DE LA ÚLTIMA TRANSACCIÓN
campo de control 20210622114708.0
008 - DATOS DE LONGITUD FIJA--INFORMACIÓN GENERAL
campo de control de longitud fija 010612s2000 ck a r 00110 spa d
015 ## - NÚMERO DE BIBLIOGRAFÍA NACIONAL
Número de bibliografía nacional ck-2000-xxxx
020 ## - NÚMERO INTERNACIONAL ESTÁNDAR DEL LIBRO
Número Internacional Estándar del Libro 9589352049
035 ## - NÚMERO DE CONTROL DEL SISTEMA
Número de control de sistema AHE6603 LA
040 ## - FUENTE DE CATALOGACIÓN
Centro catalogador/agencia de origen la
Centro/agencia transcriptor CoMeUDC
041 0# - CÓDIGO DE IDIOMA
Código de lengua del texto/banda sonora o título independiente spa
082 04 - NÚMERO DE LA CLASIFICACIÓN DECIMAL DEWEY
Número de clasificación 512.5
Número de ítem R436
100 ## - ENTRADA PRINCIPAL--NOMBRE DE PERSONA
Nombre de persona Restrepo de Peláez, Patricia.
9 (RLIN) 1360
245 10 - MENCIÓN DEL TÍTULO
Título Algebra lineal con aplicaciones /
Mención de responsabilidad, etc. Patricia Restrepo de Peláez ; Rosa Franco Arbeláez ; Luz Elena Muñoz Sierra.
250 ## - MENCION DE EDICION
Mención de edición 3a. ed.
260 ## - PUBLICACIÓN, DISTRIBUCIÓN, ETC.
Lugar de publicación, distribución, etc. Medellín :
Nombre del editor, distribuidor, etc. Universidad Nacional de Colombia, Facultad de Ciencias,
Fecha de publicación, distribución, etc. 1997.
300 ## - DESCRIPCIÓN FÍSICA
Extensión 700 p. :
Otras características físicas il. ;
Dimensiones 23 cm.
505 ## - NOTA DE CONTENIDO CON FORMATO
Nota de contenido con formato 1. Sistemas de ecuaciones lineales -- 2. Teorías de espacios vectoriales -- 3. Proyecciones ortogonales y mínimos cuadrados -- 4. Determinantes -- 5. Valores y vectores propios -- 6. La seudoinversa -- Apéndice -- Bibliografía -- Respuestas de los ejercicios -- Índice alfabético.
650 #0 - PUNTO DE ACCESO ADICIONAL DE MATERIA--TÉRMINO DE MATERIA
Término de materia o nombre geográfico como elemento de entrada Álgebras lineales.
9 (RLIN) 1361
650 ## - PUNTO DE ACCESO ADICIONAL DE MATERIA--TÉRMINO DE MATERIA
Término de materia o nombre geográfico como elemento de entrada Espacios vectoriales.
650 #0 - PUNTO DE ACCESO ADICIONAL DE MATERIA--TÉRMINO DE MATERIA
Término de materia o nombre geográfico como elemento de entrada Álgebras lineales
Subdivisión de forma Problemas, ejercicios, etc.
9 (RLIN) 1362
700 ## - ENTRADA AGREGADA--NOMBRE PERSONAL
Nombre de persona Franco Arbeláez, Rosa.
9 (RLIN) 1363
700 ## - ENTRADA AGREGADA--NOMBRE PERSONAL
Nombre de persona Muñoz Sierra, Luz Elena.
9 (RLIN) 1364
942 ## - ELEMENTOS DE ENTRADA SECUNDARIOS (KOHA)
Fuente del sistema de clasificación o colocación Clasificación Decimal Dewey
Tipo de ítem Koha Libros
949 ## - PROCESAMIENTO DE INFORMACIÓN LOCAL (OCLC)
a c
b n
Holdings
Estatus retirado Estado de pérdida Fuente del sistema de clasificación o colocación Estado de daño No para préstamo Colección Biblioteca de origen Biblioteca actual Fecha de adquisición Fuente de adquisición Signatura topográfica completa Código de barras Visto por última vez Copia número Precio de reemplazo Tipo de ítem Koha Coste, precio normal de compra
    Clasificación Decimal Dewey     Colección general U DE COLOMBIA - Biblioteca U DE COLOMBIA - Biblioteca 23/01/2019 Donación 512.5 R436 Ej. 1 000790 23/01/2019 1 23/01/2019 Libros  
    Clasificación Decimal Dewey     Colección general U DE COLOMBIA - Biblioteca U DE COLOMBIA - Biblioteca 22/06/2021 Donación 512.5 R436 Ej. 2 003334 22/06/2021 2 22/06/2021 Libros 30000.00


Biblioteca Académica Corporación Universitaria U DE COLOMBIA | Teléfono: +(57) (4) 2398080 ext. 1112 | E-mail: biblioteca@udecolombia.edu.co | Dirección: Calle 56 Nº 41 – 147 (Bolivia con Girardot)
Horario de atención: lunes a viernes 8:00 a.m. a 8:00 p.m. - sábados 8:00 a.m. a 4:00 p.m.
Implementado por Grupo EGS.

Powered by Koha